Normal view
MARC view
Entry Personal Name
001 - CONTROL NUMBER
- control field: 165169
003 - CONTROL NUMBER IDENTIFIER
- control field: OSt
005 - DATE AND TIME OF LATEST TRANSACTION
- control field: 20220923221144.0
008 - FIXED-LENGTH DATA ELEMENTS
- fixed length control field: 220923|| aca||aabn | a|a d
040 ## - CATALOGING SOURCE
- Original cataloging agency: OSt
- Transcribing agency: OSt
100 ## - HEADING--PERSONAL NAME
- Personal name: ब्रोड, सी0 डी0; श्यामनंदन किशोर, अनु
670 ## - SOURCE DATA FOUND
- Source citation: Work cat.: (OSt)347820: ब्रोड, सी0 डी0; श्यामनंदन किशोर, अनु., नीति शास्त्रीय सिद्वांत के पांच प्रकार, 1970
